Les 50 Plus Gros Achats De Chelsea - Statistiques

Statistiques générales
  • Ce quiz a été pris 370 fois
    95 depuis la dernière actualisation
  • Le résultat moyen est 37 sur 50
Statistiques - réponses
Joueur Club De Provenance Saison Nationalité Poste Prix Du Transfert Ordre % Correct
Enzo Fernandez Sl Benfica 22/23 Argentine M 121 000 000 € 1
99%
MoisesCaicedo Brighton 23/24 Equateur M 116 000 000 € 2
99%
RomeluLukaku Inter Milan 21/22 Belgique A 113 000 000 € 3
95%
WesleyFofana Leicester City 22/23 France D 80 400 000 € 5
94%
MykhayloMudryk Shaktar Donetsk 22/23 Ukraine A 70 000 000 € 7
92%
MarcCucurella Brighton 22/23 Espagne D 65 300 000 € 9
91%
ChristianPulisic Borussia Dortmund 18/19 Etats - Unis A 64 000 000 € 10
88%
ChristopherNkunku RB Leipzig 23/24 France A 60 000 000 € 13
88%
KaiHavertz Bayer Leverkusen 20/21 Allemagne M/A 100 000 000 € 4
88%
JoaoPedro Brighton 25/26 Brésil A 63 700 000 € 11
87%
Eden Hazard Losc Lille 12/13 Belgique A 35 000 000 € 44
86%
N'GoloKanté Leicester City 16/17 France M 35 800 000 € 40
86%
DidierDrogba Marseille 04/05 Cote D'Ivoire A 38 500 000 € 34
85%
FernandoTorres Liverpool 10/11 Espagne A 58 500 000 € 15
85%
RaheemSterling Manchester City 22/23 Angleterre A 56 200 000 € 17
85%
Kepa Arrizabalaga Atletico Bilbao 18/19 Espagne G 80 000 000 € 6
83%
PedroNeto Wolverhampton 24/25 Portugal A 60 000 000 € 14
82%
AndriyShevchenko Milan 06/07 Ukraine A 43 880 000 € 29
81%
JoaoFelix AtleticoMadrid 24/25 Portugal A 52 000 000 € 20
81%
ColePalmer Manchester City 23/24 Angleterre M/A 47 000 000 € 23
79%
DavidLuiz Psg 16/17 Brésil D 35 000 000 € 45
79%
Jorginho Napoli 18/19 Italie M 57 000 000 € 16
79%
KalidouKoulibaly Napoli 22/23 Sénégal D 41 900 000 € 30
79%
TimoWerner Rb Leipzig 20/21 Allemagne A 53 000 000 € 19
79%
AlavaroMorata Real Madrid 17/18 Espagne A 66 000 000 € 8
78%
Mateo Kovacic Real Madrid 19/20 Croatie M 45 000 000 € 27
78%
AlejandroGarnacho Manchester United 25/26 Argentine A 46 200 000 € 24
77%
HakimZiyech Ajax Amsterdam 20/21 Maroc A 40 000 000 € 31
77%
AxelDisasi Monaco 23/24 France D 45 000 000 € 26
76%
BenoitBadiashile Monaco 22/23 France D 38 000 000 € 37
74%
Estevao Palmeiras 25/26 Brésil A 45 000 000 € 25
74%
JamieBynoe - Gittens Borussia Dortmund 25/26 Angleterre A 56 000 000 € 18
73%
NicolasJackson Villarreal 23/24 Sénégal A 37 000 000 € 39
73%
RoméoLavia Southampton 23/24 Belgique M 62 100 000 € 12
72%
LiamDelap Ipswich Town 25/26 Angleterre A 35 500 000 € 42
71%
MichaelEssien Lyon 05/06 Ghana M 38 000 000 € 36
71%
AntonioRudiger Rome 17/18 Allemagne D 35 000 000 € 46
68%
MichyBatshuayi Marseille 16/17 Belgique A 39 000 000 € 33
67%
CescFabregas Barcelone 14/15 Espagne M 33 000 000 € 48
65%
DiegoCosta Atletico Madrid 14/15 Espagne A 38 000 000 € 35
64%
TiemouéBakayoko Monaco 17/18 France M 40 000 000 € 32
60%
DannyDrinkwater Leicester City 17/18 Angleterre M 37 900 000 € 38
58%
Willian Anzhi Makhachkala 13/14 Brésil A 35 500 000 € 41
56%
Ben Chilwell Leicester City 20/21 Angleterre D 50 200 000 € 22
55%
JorrelHato Ajax 25/26 Pays - Bas D 44 180 000 € 28
55%
NoniMadueke Psv Eindhoven 22/23 Angleterre A 35 000 000 € 47
53%
Oscar Internacional 12/13 Brésil M 32 000 000 € 49
51%
GiovannyQuenda Sporting Lisbonne 26/27 Portugal A 50 780 000 € 21
41%
KiernanDewsbury - Hall Leicester 24/25 Angleterre M 35 400 000 € 43
37%
ShaunWright - Phillips Manchester City 05/06 Angleterre A 31 500 000 € 50
18%
Aucun quiz correspondant
Distribution des résultats
% des personnes avec chaque résultat
Percentile par nombre de réponses
Votre historique - résultats
Vous n’avez pas pris ce quiz depuis la dernière actualisation